Basic councelling skills: a helpers manual (Record no. 30823)

MARC details
000 -LEADER
fixed length control field 00639nam a2200169 a 4500
008 - FIXED-LENGTH DATA ELEMENTS--GENERAL INFORMATION
fixed length control field 170504s2016 ||||||||||||||||| || u
020 ## - INTERNATIONAL STANDARD BOOK NUMBER
International Standard Book Number 9781473912991
050 ## - LIBRARY OF CONGRESS CALL NUMBER
Classification number BF 636.6 Nel
100 ## - MAIN ENTRY--PERSONAL NAME
Personal name Nelson-Jones, Richard
245 10 - TITLE STATEMENT
Title Basic councelling skills: a helpers manual
Statement of responsibility, etc. By Richard Nelson-Jones
250 ## - EDITION STATEMENT
Edition statement 4th ed.
260 ## - PUBLICATION, DISTRIBUTION, ETC.
Place of publication, distribution, etc. Los Angeles:
Name of publisher, distributor, etc. SAGE Publications
Date of publication, distribution, etc. 2016
300 ## - PHYSICAL DESCRIPTION
Extent xvii, 199p.: ill.
350 ## -
-- 31.08
650 ## - SUBJECT ADDED ENTRY--TOPICAL TERM
Topical term or geographic name entry element COUNSELLING
995 ## -
-- MEDICAL LIBRARY OPEN ACCESS
-- 904025
-- CBU-SCHOOL OF MEDICINE LIBRARY (Ndola)
-- 31.08
-- BF 636.6 Nel
-- 1
-- AVAILABLE
-- May 4, 2017
-- 904025
-- Medical Library Open Access Collection
999 ## -
-- 30823
-- 30823
Holdings
Withdrawn status Lost status Source of classification or shelving scheme Damaged status Not for loan Permanent Location Current Location Shelving location Date acquired Total Checkouts Full call number Barcode Date last seen Price effective from Koha item type
          CBU-SCHOOL OF MEDICINE LIBRARY, NDOLA. CBU-SCHOOL OF MEDICINE LIBRARY, NDOLA.   11/30/2022   BF 636.6 Nel 904025 11/30/2022 11/30/2022 MONOGRAPH